000 00330nam a22001337a 4500
008 250424b |||||||| |||| 00| 0 eng d
020 _a0521306477
050 _aHD9980
_b.M36
100 _aINMARN Robert P.
245 _aManaging the Service Economy
260 _aU.S.A
_bPress Syndicate
_c1988
300 _axv, 336p.
942 _cBK
999 _c3134
_d3134